[Event "DSJ Weihnachtsturnier U20w 2020"]
[Site "https://play.chessbase.com/en/play?room=DSJWeihnachtU20w"]
[Date "2020.12.29"]
[Round "1"]
[White "Ricken, Katharina"]
[Black "Buchholz, Maja"]
[Result "1-0"]
[Termination "normal"]
[Board "3.2"]
[WhiteTitle "WCM"]
[WhiteElo "2030"]
[BlackElo "1713"]
[WhiteTeam "Schachverein Hemer 1932"]
[BlackTeam "VSG 1880 Offenbach"]
[PlyCount "71"]
[WhiteFideId "16207017"]
[BlackFideId "16200500"]
[EventRounds "7"]
[EventType "team-swiss"]
[EventDate "2020.12.29"]

1. Nf3 {[%emt 0:00:03]} Nf6 {[%emt 0:00:05]} 2. g3 {[%emt 0:00:01]} g6 { [%emt
0:00:04]} 3. b3 {[%emt 0:00:01]} Bg7 {[%emt 0:00:01]} 4. Bb2 {[%emt 0:00: 00]}
O-O {[%emt 0:00:01]} 5. Bg2 {[%emt 0:00:01]} c5 {[%emt 0:00:04]} 6. c4 { [%emt
0:00:01]} Nc6 {[%emt 0:00:04]} 7. O-O {[%emt 0:00:01]} b6 {[%emt 0:00:09] } 8.
d4 {[%emt 0:00:02]} cxd4 {[%emt 0:00:06]} 9. Nxd4 {[%emt 0:00:00]} Bb7 { [%emt
0:00:02]} 10. Nc3 {[%emt 0:00:05]} Qc7 {[%emt 0:00:11]} 11. Rc1 {[%emt 0:
00:03]} Nxd4 {[%emt 0:00:23]} 12. Qxd4 {[%emt 0:00:00]} Bxg2 {[%emt 0:00:13]}
13. Kxg2 {[%emt 0:00:00]} Qc6+ {[%emt 0:00:09]} 14. Kg1 {[%emt 0:00:26]} e6 {
[%emt 0:00:24]} 15. Rfd1 {[%emt 0:00:11]} Rfd8 {[%emt 0:00:34]} 16. Qd6 { [%emt
0:00:43]} Rac8 {[%emt 0:00:11]} 17. Nb5 {[%emt 0:00:37]} Ne4 {[%emt 0:00: 44]}
18. Qxc6 {[%emt 0:00:18]} dxc6 {[%emt 0:00:03]} 19. Bxg7 {[%emt 0:01:32]} Kxg7
{[%emt 0:00:54]} 20. Rxd8 {[%emt 0:00:24]} Rxd8 {[%emt 0:00:03]} 21. Nxa7
{[%emt 0:00:01]} Rd2 {[%emt 0:00:17]} 22. f3 {[%emt 0:00:09]} Nc5 {[%emt 0:00:
28]} 23. Nxc6 {[%emt 0:00:19]} Rxe2 {[%emt 0:00:10]} 24. Nb4 {[%emt 0:00:03]}
e5 {[%emt 0:00:14]} 25. Rc2 {[%emt 0:00:17]} Re1+ {[%emt 0:00:52]} 26. Kf2 {
[%emt 0:00:03]} Rh1 {[%emt 0:00:08]} 27. Kg2 {[%emt 0:00:05]} Rd1 {[%emt 0:00:
05]} 28. Nd5 {[%emt 0:00:10]} Nd3 {[%emt 0:00:53]} 29. Re2 {[%emt 0:00:17]} b5
{[%emt 0:00:41]} 30. Nc3 {[%emt 0:00:27]} Ra1 {[%emt 0:01:02]} 31. Nxb5 { [%emt
0:00:10]} f6 {[%emt 0:00:02]} 32. Rd2 {[%emt 0:00:13]} Nc1 {[%emt 0:00: 23]}
33. c5 {[%emt 0:00:23]} Nxa2 {[%emt 0:00:11]} 34. c6 {[%emt 0:00:09]} Nb4
{[%emt 0:00:13]} 35. c7 {[%emt 0:00:12]} Rc1 {[%emt 0:00:11]} 36. Rd8 {[%emt 0:
00:10]} 1-0

[Event "DSJ Weihnachtsturnier U20w 2020"]
[Site "https://play.chessbase.com/en/play?room=DSJWeihnachtU20w"]
[Date "2020.12.29"]
[Round "1"]
[White "Dixon Quiroz, Laura Michaela"]
[Black "Becker, Linda"]
[Result "1-0"]
[Termination "normal"]
[Board "3.3"]
[WhiteElo "1304"]
[BlackElo "1763"]
[WhiteTeam "VSG 1880 Offenbach"]
[BlackTeam "Schachverein Hemer 1932"]
[PlyCount "61"]
[WhiteFideId "16248708"]
[BlackFideId "16244753"]
[EventRounds "7"]
[EventType "team-swiss"]
[EventDate "2020.12.29"]

1. e4 {[%emt 0:00:15]} e6 {[%emt 0:00:03]} 2. d4 {[%emt 0:00:03]} d5 {[%emt 0:
00:03]} 3. e5 {[%emt 0:00:02]} c5 {[%emt 0:00:07]} 4. c3 {[%emt 0:00:02]} Ne7 {
[%emt 0:00:04]} 5. Nf3 {[%emt 0:00:11]} Nec6 {[%emt 0:00:03]} 6. a3 {[%emt 0:
00:19]} b6 {[%emt 0:00:09]} 7. b4 {[%emt 0:00:15]} cxd4 {[%emt 0:00:07]} 8.
cxd4 {[%emt 0:00:06]} Be7 {[%emt 0:00:22]} 9. Nc3 {[%emt 0:00:16]} O-O { [%emt
0:00:05]} 10. Bd3 {[%emt 0:00:08]} f6 {[%emt 0:00:23]} 11. Bf4 {[%emt 0:
00:55]} fxe5 {[%emt 0:00:07]} 12. Bxe5 {[%emt 0:00:10]} Nxe5 {[%emt 0:00:03]}
13. Nxe5 {[%emt 0:00:06]} Qe8 {[%emt 0:00:41]} 14. Nb5 {[%emt 0:00:58]} Na6 {
[%emt 0:00:25]} 15. Qc2 {[%emt 0:00:41]} Qh5 {[%emt 0:01:01]} 16. O-O {[%emt 0:
00:14]} Bf6 {[%emt 0:00:39]} 17. f4 {[%emt 0:00:46]} Bxe5 {[%emt 0:00:54]} 18.
dxe5 {[%emt 0:00:24]} Bd7 {[%emt 0:00:40]} 19. Nd6 {[%emt 0:00:26]} Nb8 { [%emt
0:00:46]} 20. b5 {[%emt 0:00:38]} Be8 {[%emt 0:00:40]} 21. f5 {[%emt 0: 01:12]}
exf5 {[%emt 0:00:19]} 22. Rxf5 {[%emt 0:00:07]} Rxf5 {[%emt 0:00:07]} 23. Bxf5
{[%emt 0:00:09]} Nd7 {[%emt 0:00:12]} 24. Qb3 {[%emt 0:00:37]} Rd8 { [%emt
0:00:54]} 25. Qxd5+ {[%emt 0:00:05]} Kh8 {[%emt 0:00:23]} 26. Bxd7 { [%emt
0:00:07]} Rxd7 {[%emt 0:00:12]} 27. Rc1 {[%emt 0:00:33]} Re7 {[%emt 0:00: 29]}
28. Rc8 {[%emt 0:00:27]} Qg6 {[%emt 0:00:27]} 29. Nf7+ {[%emt 0:00:14]} Kg8
{[%emt 0:00:05]} 30. Nh6+ {[%emt 0:00:11]} Kh8 {[%emt 0:00:13]} 31. Qg8# {
[%emt 0:00:06]} 1-0

[Event "DSJ Weihnachtsturnier U20w 2020"]
[Site "https://play.chessbase.com/en/play?room=DSJWeihnachtU20w"]
[Date "2020.12.29"]
[Round "1"]
[White "Dartmann Aubanell, Catriona"]
[Black "Wagner, Lea"]
[Result "1-0"]
[Termination "time forfeit"]
[Board "3.4"]
[WhiteElo "1820"]
[BlackElo "757"]
[WhiteTeam "Schachverein Hemer 1932"]
[BlackTeam "VSG 1880 Offenbach"]
[PlyCount "33"]
[WhiteFideId "24585270"]
[BlackFideId "34620680"]
[EventRounds "7"]
[EventType "team-swiss"]
[EventDate "2020.12.29"]

1. e4 {[%emt 0:00:07]} e5 {[%emt 0:00:05]} 2. Nf3 {[%emt 0:00:02]} Nc6 { [%emt
0:00:04]} 3. Bb5 {[%emt 0:00:03]} a6 {[%emt 0:00:06]} 4. Ba4 {[%emt 0:00: 02]}
b5 {[%emt 0:00:26]} 5. Bb3 {[%emt 0:00:11]} Nf6 {[%emt 0:00:19]} 6. d3 { [%emt
0:00:18]} d5 {[%emt 0:00:24]} 7. exd5 {[%emt 0:01:31]} Nxd5 {[%emt 0:00: 04]}
8. O-O {[%emt 0:00:11]} Bg4 {[%emt 0:00:09]} 9. c3 {[%emt 0:00:42]} b4 { [%emt
0:02:09]} 10. Re1 {[%emt 0:01:29]} Bc5 {[%emt 0:01:48]} 11. d4 {[%emt 0:
00:58]} Bd6 {[%emt 0:00:39]} 12. Bxd5 {[%emt 0:00:06]} Qd7 {[%emt 0:00:59]} 13.
Nbd2 {[%emt 0:01:30]} O-O-O {[%emt 0:00:18]} 14. Qa4 {[%emt 0:00:14]} Bxf3 {
[%emt 0:00:58]} 15. Nxf3 {[%emt 0:00:09]} Rhg8 {[%emt 0:00:42]} 16. Bxc6 {
[%emt 0:00:11]} Qe6 {[%emt 0:00:45]} 17. Qxa6+ {[%emt 0:00:05] TimeB} 1-0

[Event "DSJ Weihnachtsturnier U20w 2020"]
[Site "https://play.chessbase.com/en/play?room=DSJWeihnachtU20w"]
[Date "2020.12.29"]
[Round "1"]
[White "Dietz, Kristin"]
[Black "Alferova, Emily"]
[Result "1-0"]
[Termination "time forfeit"]
[Board "4.1"]
[WhiteElo "1911"]
[BlackElo "1365"]
[WhiteTeam "USV Halle"]
[BlackTeam "SC Garching 1980"]
[PlyCount "67"]
[WhiteFideId "12993743"]
[BlackFideId "16265904"]
[EventRounds "7"]
[EventType "team-swiss"]
[EventDate "2020.12.29"]

1. e4 {[%emt 0:00:09]} e5 {[%emt 0:00:05]} 2. Nf3 {[%emt 0:00:08]} Nc6 { [%emt
0:00:04]} 3. Bb5 {[%emt 0:00:02]} a6 {[%emt 0:00:06]} 4. Ba4 {[%emt 0:00: 02]}
Be7 {[%emt 0:00:16]} 5. O-O {[%emt 0:00:05]} Nf6 {[%emt 0:00:08]} 6. Re1 {
[%emt 0:00:02]} b5 {[%emt 0:00:08]} 7. Bb3 {[%emt 0:00:02]} O-O {[%emt 0:00:06]
} 8. c3 {[%emt 0:00:07]} d6 {[%emt 0:00:11]} 9. d4 {[%emt 0:00:20]} Bg4 { [%emt
0:00:42]} 10. d5 {[%emt 0:01:21]} Na5 {[%emt 0:00:31]} 11. Bc2 {[%emt 0:
00:13]} c6 {[%emt 0:00:33]} 12. dxc6 {[%emt 0:01:03]} Nxc6 {[%emt 0:00:29]} 13.
h3 {[%emt 0:00:27]} Be6 {[%emt 0:00:22]} 14. Nbd2 {[%emt 0:00:27]} Qc7 { [%emt
0:02:21]} 15. Qe2 {[%emt 0:01:27]} b4 {[%emt 0:00:46]} 16. Bb3 {[%emt 0:
01:05]} bxc3 {[%emt 0:00:24]} 17. bxc3 {[%emt 0:00:13]} Rfb8 {[%emt 0:00:20]}
18. c4 {[%emt 0:00:37]} Nd7 {[%emt 0:00:49]} 19. Ba3 {[%emt 0:00:15]} Nc5 {
[%emt 0:00:22]} 20. Bxc5 {[%emt 0:00:02]} dxc5 {[%emt 0:00:05]} 21. Nf1 { [%emt
0:00:14]} Nd4 {[%emt 0:00:36]} 22. Qe3 {[%emt 0:00:15]} Rb7 {[%emt 0:00: 14]}
23. Ng3 {[%emt 0:00:12]} Rab8 {[%emt 0:00:12]} 24. Rab1 {[%emt 0:00:02]} Bxc4
{[%emt 0:00:10]} 25. Nxd4 {[%emt 0:00:10]} exd4 {[%emt 0:00:06]} 26. Qf3 {
[%emt 0:00:13]} Bxb3 {[%emt 0:00:05]} 27. axb3 {[%emt 0:00:03]} c4 {[%emt 0:00:
08]} 28. Nf5 {[%emt 0:00:05]} Rxb3 {[%emt 0:00:09]} 29. Rxb3 {[%emt 0:00:02]}
Rxb3 {[%emt 0:00:06]} 30. Qg4 {[%emt 0:00:01]} Bf8 {[%emt 0:00:12]} 31. Nxd4 {
[%emt 0:00:04]} Rd3 {[%emt 0:00:07]} 32. Nf5 {[%emt 0:00:02]} Qe5 {[%emt 0:00:
05]} 33. Nh6+ {[%emt 0:00:07]} Kh8 {[%emt 0:00:03]} 34. Nxf7+ {[%emt 0:00:02]
TimeB} 1-0

[Event "DSJ Weihnachtsturnier U20w 2020"]
[Site "https://play.chessbase.com/en/play?room=DSJWeihnachtU20w"]
[Date "2020.12.29"]
[Round "1"]
[White "Frowein, Katja"]
[Black "Voigt, Anastasia"]
[Result "1-0"]
[Termination "normal"]
[Board "4.2"]
[WhiteElo "1377"]
[BlackElo "1738"]
[WhiteTeam "SC Garching 1980"]
[BlackTeam "USV Halle"]
[PlyCount "89"]
[WhiteFideId "16282949"]
[BlackFideId "16235223"]
[EventRounds "7"]
[EventType "team-swiss"]
[EventDate "2020.12.29"]

1. e4 {[%emt 0:00:06]} e5 {[%emt 0:00:02]} 2. Nf3 {[%emt 0:00:02]} Nc6 { [%emt
0:00:01]} 3. d4 {[%emt 0:00:01]} exd4 {[%emt 0:00:03]} 4. Nxd4 {[%emt 0:
00:01]} Nf6 {[%emt 0:00:03]} 5. Nxc6 {[%emt 0:00:03]} bxc6 {[%emt 0:00:03]} 6.
Nc3 {[%emt 0:00:03]} g6 {[%emt 0:00:21]} 7. Bd3 {[%emt 0:00:06]} Bg7 {[%emt 0:
00:04]} 8. O-O {[%emt 0:00:03]} O-O {[%emt 0:00:02]} 9. h3 {[%emt 0:00:04]} Re8
{[%emt 0:00:03]} 10. Re1 {[%emt 0:00:03]} d6 {[%emt 0:00:26]} 11. Bg5 {[%emt 0:
00:07]} Bd7 {[%emt 0:00:11]} 12. Qd2 {[%emt 0:00:31]} Rb8 {[%emt 0:00:11]} 13.
Rab1 {[%emt 0:00:04]} Qc8 {[%emt 0:00:06]} 14. Bh6 {[%emt 0:00:16]} Bxh6 {
[%emt 0:00:08]} 15. Qxh6 {[%emt 0:00:03]} Nh5 {[%emt 0:00:08]} 16. Qe3 { [%emt
0:00:24]} Ng7 {[%emt 0:00:02]} 17. Qxa7 {[%emt 0:00:37]} c5 {[%emt 0:00: 13]}
18. Nd5 {[%emt 0:00:22]} Kf8 {[%emt 0:01:06]} 19. Nxc7 {[%emt 0:00:43]} Re5
{[%emt 0:00:19]} 20. Nd5 {[%emt 0:00:42]} Ra8 {[%emt 0:00:29]} 21. Qb6 { [%emt
0:00:12]} Ra6 {[%emt 0:00:34]} 22. Bxa6 {[%emt 0:00:05]} Qe8 {[%emt 0:00: 26]}
23. Qxd6+ {[%emt 0:00:14]} Re7 {[%emt 0:00:13]} 24. Nxe7 {[%emt 0:00:11]} Qxe7
{[%emt 0:00:03]} 25. Qxe7+ {[%emt 0:00:06]} Kxe7 {[%emt 0:00:02]} 26. a3 {
[%emt 0:00:02]} Ne6 {[%emt 0:00:02]} 27. Bc4 {[%emt 0:00:07]} Nd4 {[%emt 0:00:
05]} 28. c3 {[%emt 0:00:08]} Nc6 {[%emt 0:00:09]} 29. b4 {[%emt 0:00:07]} cxb4
{[%emt 0:00:04]} 30. axb4 {[%emt 0:00:05]} Na7 {[%emt 0:00:06]} 31. Red1 {
[%emt 0:00:12]} Ba4 {[%emt 0:00:08]} 32. Rd3 {[%emt 0:00:33]} Bc2 {[%emt 0:00:
05]} 33. Ra1 {[%emt 0:00:12]} Nc6 {[%emt 0:00:10]} 34. Re3 {[%emt 0:00:17]} Ne5
{[%emt 0:00:12]} 35. Ra7+ {[%emt 0:00:09]} Kd6 {[%emt 0:00:07]} 36. Bd5 { [%emt
0:00:14]} f5 {[%emt 0:00:25]} 37. Ra6+ {[%emt 0:00:13]} Kc7 {[%emt 0:00: 09]}
38. exf5 {[%emt 0:00:06]} Bxf5 {[%emt 0:00:06]} 39. Rxe5 {[%emt 0:00:04]} Bd3
{[%emt 0:00:12]} 40. Rf6 {[%emt 0:00:15]} Kd7 {[%emt 0:00:10]} 41. Bc6+ { [%emt
0:00:13]} Kc7 {[%emt 0:00:04]} 42. Ba4 {[%emt 0:00:05]} Bf5 {[%emt 0:00: 12]}
43. Re7+ {[%emt 0:00:03]} Kd8 {[%emt 0:00:04]} 44. Rxh7 {[%emt 0:00:04]} Kc8
{[%emt 0:00:06]} 45. Rf8# {[%emt 0:00:02]} 1-0

[Event "DSJ Weihnachtsturnier U20w 2020"]
[Site "https://play.chessbase.com/en/play?room=DSJWeihnachtU20w"]
[Date "2020.12.29"]
[Round "1"]
[White "Stowicek, Yara Mathilda"]
[Black "Muhina, Liana"]
[Result "1-0"]
[Termination "normal"]
[Board "4.3"]
[WhiteElo "1736"]
[BlackElo "1273"]
[WhiteTeam "USV Halle"]
[BlackTeam "SC Garching 1980"]
[PlyCount "131"]
[WhiteFideId "16203569"]
[BlackFideId "16266145"]
[EventRounds "7"]
[EventType "team-swiss"]
[EventDate "2020.12.29"]

1. e4 {[%emt 0:00:08]} d5 {[%emt 0:00:03]} 2. exd5 {[%emt 0:00:07]} Qxd5 {
[%emt 0:00:02]} 3. Nc3 {[%emt 0:00:06]} Qa5 {[%emt 0:00:02]} 4. d4 {[%emt 0:00:
05]} Nf6 {[%emt 0:00:03]} 5. Bc4 {[%emt 0:00:13]} c6 {[%emt 0:00:08]} 6. h3 {
[%emt 0:00:21]} Bf5 {[%emt 0:00:39]} 7. Nf3 {[%emt 0:00:21]} e6 {[%emt 0:00:08]
} 8. O-O {[%emt 0:00:25]} Bd6 {[%emt 0:00:04]} 9. Ne2 {[%emt 0:00:13]} Be4 {
[%emt 0:00:36]} 10. Bf4 {[%emt 0:00:32]} Bxf3 {[%emt 0:00:35]} 11. Bxd6 { [%emt
0:00:16]} Qg5 {[%emt 0:01:02]} 12. Bg3 {[%emt 0:00:19]} Be4 {[%emt 0:01: 43]}
13. Nc3 {[%emt 0:02:37]} h5 {[%emt 0:00:46]} 14. h4 {[%emt 0:01:04]} Qg6 {
[%emt 0:00:42]} 15. Nxe4 {[%emt 0:00:36]} Nxe4 {[%emt 0:00:06]} 16. Bd3 { [%emt
0:00:13]} f5 {[%emt 0:00:23]} 17. Bxe4 {[%emt 0:00:15]} fxe4 {[%emt 0:00: 04]}
18. Qe2 {[%emt 0:00:04]} Nd7 {[%emt 0:00:13]} 19. Rfe1 {[%emt 0:00:28]} Nf6
{[%emt 0:00:19]} 20. Be5 {[%emt 0:00:35]} O-O-O {[%emt 0:00:33]} 21. c3 { [%emt
0:00:22]} Rhf8 {[%emt 0:00:16]} 22. Rad1 {[%emt 0:00:28]} Nd5 {[%emt 0: 00:06]}
23. Qxe4 {[%emt 0:00:14]} Qxe4 {[%emt 0:00:04]} 24. Rxe4 {[%emt 0:00: 04]} Rf7
{[%emt 0:00:11]} 25. Bg3 {[%emt 0:00:11]} Rdf8 {[%emt 0:00:09]} 26. Rxe6 {[%emt
0:00:12]} Kd7 {[%emt 0:00:16]} 27. Rde1 {[%emt 0:00:04]} Re7 { [%emt 0:00:11]}
28. Rxe7+ {[%emt 0:00:11]} Nxe7 {[%emt 0:00:03]} 29. Re2 { [%emt 0:00:02]} Nf5
{[%emt 0:00:12]} 30. Kh2 {[%emt 0:00:05]} Nxg3 {[%emt 0:00: 02]} 31. Kxg3
{[%emt 0:00:02]} Kd6 {[%emt 0:00:02]} 32. Re5 {[%emt 0:00:02]} a6 {[%emt
0:00:06]} 33. Rxh5 {[%emt 0:00:02]} Re8 {[%emt 0:00:11]} 34. Rh7 { [%emt
0:00:03]} Re7 {[%emt 0:00:04]} 35. Rh5 {[%emt 0:00:03]} b5 {[%emt 0:00: 18]}
36. f4 {[%emt 0:00:02]} Kc7 {[%emt 0:00:06]} 37. Re5 {[%emt 0:00:02]} Rf7
{[%emt 0:00:09]} 38. Kg4 {[%emt 0:00:03]} Kd6 {[%emt 0:00:09]} 39. Kg5 { [%emt
0:00:02]} Kc7 {[%emt 0:00:13]} 40. g4 {[%emt 0:00:02]} Kb6 {[%emt 0:00: 04]}
41. f5 {[%emt 0:00:02]} Kc7 {[%emt 0:00:07]} 42. h5 {[%emt 0:00:01]} Kd7 {
[%emt 0:00:05]} 43. Kf4 {[%emt 0:00:01]} Re7 {[%emt 0:00:01]} 44. Rxe7+ { [%emt
0:00:02]} Kxe7 {[%emt 0:00:00]} 45. g5 {[%emt 0:00:01]} Kf7 {[%emt 0:00: 01]}
46. Ke5 {[%emt 0:00:03]} Ke7 {[%emt 0:00:03]} 47. f6+ {[%emt 0:00:03]} gxf6+
{[%emt 0:00:01]} 48. gxf6+ {[%emt 0:00:01]} Kf7 {[%emt 0:00:00]} 49. h6 { [%emt
0:00:01]} Kg8 {[%emt 0:00:02]} 50. Kd6 {[%emt 0:00:02]} a5 {[%emt 0:00: 07]}
51. Kxc6 {[%emt 0:00:02]} a4 {[%emt 0:00:01]} 52. Kxb5 {[%emt 0:00:01]} a3
{[%emt 0:00:01]} 53. bxa3 {[%emt 0:00:01]} Kf8 {[%emt 0:00:03]} 54. a4 { [%emt
0:00:02]} Kg8 {[%emt 0:00:02]} 55. a5 {[%emt 0:00:01]} Kf8 {[%emt 0:00: 00]}
56. a6 {[%emt 0:00:01]} Kg8 {[%emt 0:00:00]} 57. a7 {[%emt 0:00:01]} Kf8 {
[%emt 0:00:00]} 58. a8=Q+ {[%emt 0:00:01]} Kf7 {[%emt 0:00:01]} 59. Qb7+ {
[%emt 0:00:02]} Kxf6 {[%emt 0:00:00]} 60. h7 {[%emt 0:00:02]} Kg6 {[%emt 0:00:
00]} 61. h8=Q {[%emt 0:00:02]} Kf5 {[%emt 0:00:03]} 62. Qf7+ {[%emt 0:00:02]}
Ke4 {[%emt 0:00:03]} 63. Qe5+ {[%emt 0:00:02]} Kd3 {[%emt 0:00:02]} 64. Qf3+ {
[%emt 0:00:02]} Kc2 {[%emt 0:00:02]} 65. Qee2+ {[%emt 0:00:02]} Kb1 {[%emt 0:
00:05]} 66. Qff1# {[%emt 0:00:01]} 1-0

[Event "DSJ Weihnachtsturnier U20w 2020"]
[Site "https://play.chessbase.com/en/play?room=DSJWeihnachtU20w"]
[Date "2020.12.29"]
[Round "1"]
[White "Muhina, Alina"]
[Black "Fritsch, Lea"]
[Result "0-1"]
[Termination "normal"]
[Board "4.4"]
[WhiteElo "1286"]
[BlackElo "1644"]
[WhiteTeam "SC Garching 1980"]
[BlackTeam "USV Halle"]
[PlyCount "54"]
[WhiteFideId "16298322"]
[BlackFideId "16212436"]
[EventRounds "7"]
[EventType "team-swiss"]
[EventDate "2020.12.29"]

1. e4 {[%emt 0:00:00]} c5 {[%emt 0:00:08]} 2. Nf3 {[%emt 0:00:05]} d6 {[%emt 0:
00:11]} 3. d4 {[%emt 0:00:02]} cxd4 {[%emt 0:00:02]} 4. Nxd4 {[%emt 0:00:03]}
Nc6 {[%emt 0:00:01]} 5. Bb5 {[%emt 0:00:03]} Bd7 {[%emt 0:00:03]} 6. Nxc6 {
[%emt 0:00:03]} bxc6 {[%emt 0:00:10]} 7. Ba6 {[%emt 0:00:03]} Qa5+ {[%emt 0:00:
05]} 8. Bd2 {[%emt 0:00:08]} Qxa6 {[%emt 0:00:03]} 9. Nc3 {[%emt 0:00:04]} Nf6
{[%emt 0:00:03]} 10. Qf3 {[%emt 0:00:09]} g6 {[%emt 0:00:07]} 11. O-O-O { [%emt
0:00:08]} Bg7 {[%emt 0:00:04]} 12. Bg5 {[%emt 0:00:11]} O-O {[%emt 0:00: 05]}
13. h4 {[%emt 0:00:12]} Rab8 {[%emt 0:00:05]} 14. h5 {[%emt 0:00:09]} Qb6
{[%emt 0:00:06]} 15. b3 {[%emt 0:00:04]} Bg4 {[%emt 0:01:33]} 16. Qg3 {[%emt 0:
00:12]} Bxd1 {[%emt 0:00:04]} 17. Rxd1 {[%emt 0:00:01]} Nxh5 {[%emt 0:00:02]}
18. Qh4 {[%emt 0:00:08]} Bxc3 {[%emt 0:00:24]} 19. Bxe7 {[%emt 0:00:04]} Qb4 {
[%emt 0:00:16]} 20. Bxd6 {[%emt 0:00:12]} Qa5 {[%emt 0:00:16]} 21. a4 {[%emt 0:
00:35]} Rbd8 {[%emt 0:02:13]} 22. Ba3 {[%emt 0:01:09]} Rxd1+ {[%emt 0:00:12]}
23. Kxd1 {[%emt 0:00:03]} Rd8+ {[%emt 0:00:05]} 24. Qxd8+ {[%emt 0:00:04]}
Qxd8+ {[%emt 0:00:02]} 25. Kc1 {[%emt 0:00:06]} Qd2+ {[%emt 0:00:03]} 26. Kb1 {
[%emt 0:00:03]} Qd1+ {[%emt 0:00:05]} 27. Ka2 {[%emt 0:00:02]} Qa1# {[%emt 0:
00:03]} 0-1

[Event "DSJ Weihnachtsturnier U20w 2020"]
[Site "https://play.chessbase.com/en/play?room=DSJWeihnachtU20w"]
[Date "2020.12.29"]
[Round "1"]
[White "Ramien, Hannah"]
[Black "Möller, Lisa-Marie"]
[Result "0-1"]
[Termination "normal"]
[Board "5.1"]
[WhiteElo "1396"]
[BlackElo "1900"]
[WhiteTeam "Schachgemeinschaft Porz"]
[BlackTeam "Düsseldorfer Schachklub 14/25"]
[PlyCount "82"]
[WhiteFideId "16209982"]
[BlackFideId "12959367"]
[EventRounds "7"]
[EventType "team-swiss"]
[EventDate "2020.12.29"]

1. e4 {[%emt 0:00:02]} c5 {[%emt 0:00:02]} 2. Nc3 {[%emt 0:00:02]} e6 {[%emt 0:
00:02]} 3. f4 {[%emt 0:00:02]} a6 {[%emt 0:00:05]} 4. a4 {[%emt 0:00:03]} Nc6 {
[%emt 0:00:02]} 5. Nf3 {[%emt 0:00:05]} g6 {[%emt 0:00:06]} 6. Bc4 {[%emt 0:00:
15]} Bg7 {[%emt 0:00:02]} 7. d3 {[%emt 0:00:09]} Nge7 {[%emt 0:00:04]} 8. O-O {
[%emt 0:00:05]} O-O {[%emt 0:00:04]} 9. Qe1 {[%emt 0:00:06]} d5 {[%emt 0:00:34]
} 10. Bb3 {[%emt 0:00:32]} b6 {[%emt 0:00:30]} 11. Qh4 {[%emt 0:00:13]} Nd4 {
[%emt 0:00:47]} 12. f5 {[%emt 0:02:05]} exf5 {[%emt 0:00:49]} 13. Bh6 {[%emt 0:
00:31]} Nxf3+ {[%emt 0:00:55]} 14. Rxf3 {[%emt 0:00:05]} fxe4 {[%emt 0:00:18]}
15. dxe4 {[%emt 0:00:46]} dxe4 {[%emt 0:00:41]} 16. Qxe4 {[%emt 0:00:32]} Bf5 {
[%emt 0:00:16]} 17. Qh4 {[%emt 0:00:49]} Qd4+ {[%emt 0:00:06]} 18. Qxd4 { [%emt
0:00:14]} cxd4 {[%emt 0:00:07]} 19. Bxg7 {[%emt 0:00:20]} Kxg7 {[%emt 0:
00:04]} 20. Ne2 {[%emt 0:00:06]} Rad8 {[%emt 0:00:29]} 21. Rd1 {[%emt 0:00:10]}
Nc6 {[%emt 0:00:05]} 22. Rf4 {[%emt 0:00:54]} d3 {[%emt 0:00:28]} 23. cxd3 {
[%emt 0:00:07]} Rxd3 {[%emt 0:00:18]} 24. Rxd3 {[%emt 0:00:07]} Bxd3 {[%emt 0:
00:02]} 25. Nc3 {[%emt 0:00:03]} f5 {[%emt 0:00:44]} 26. Rf3 {[%emt 0:00:11]}
Rd8 {[%emt 0:02:07]} 27. Kf2 {[%emt 0:00:26]} Ne5 {[%emt 0:00:15]} 28. Re3 {
[%emt 0:00:05]} Ng4+ {[%emt 0:00:02]} 29. Kf3 {[%emt 0:00:08]} Nxe3 {[%emt 0:
00:02]} 30. Kxe3 {[%emt 0:00:02]} b5 {[%emt 0:00:11]} 31. axb5 {[%emt 0:00:07]}
axb5 {[%emt 0:00:02]} 32. Nd5 {[%emt 0:00:09]} Bc4 {[%emt 0:00:04]} 33. Bxc4 {
[%emt 0:00:05]} bxc4 {[%emt 0:00:00]} 34. Nc3 {[%emt 0:00:02]} Rd3+ {[%emt 0:
00:03]} 35. Ke2 {[%emt 0:00:02]} Kf6 {[%emt 0:00:03]} 36. Ke1 {[%emt 0:00:06]}
g5 {[%emt 0:00:04]} 37. Ke2 {[%emt 0:00:02]} Ke5 {[%emt 0:00:04]} 38. Ke1 {
[%emt 0:00:02]} Kd4 {[%emt 0:00:02]} 39. Ke2 {[%emt 0:00:02]} Rxc3 {[%emt 0:00:
02]} 40. bxc3+ {[%emt 0:00:02]} Kxc3 {[%emt 0:00:00]} 41. Kd1 {[%emt 0:00:01]}
Kb2 {[%emt 0:00:01]} 0-1